1709 1977 1899 1985 1736 1602 1735 1211 1426 1316 1353 1700 1665 1824 1713 1618 1792 1575 1662 1637 1514 1149 1604 1867 1910 1449 1630 1536 1965 1878 1399 1099 1090 1882 1234 1151 1757 1997 1661 1390 1046 1833 1988 1971 1728 1630 1345 1317 1404 1189 1718 1387 1640 1834 1246 1871 1063 1969 1071 1002 1788 1925 1361 1569 1441 1405 1097 1632 1174 1038 1691 1713 1612 1804 1620 1481 1438 1540 1648 1566 1867 1247 1762 1703 1345 1357 1651 1790 1751 1946 1400 1779 1834 1638 1428 1570 1174 1260 1697 BCNSPRNW ULIB Ver.6.0+V

เปลี่ยนเป็นภาษาไทย

Change to English
 แสดงรายละเอียดบรรณานุกรม
  กลับหน้าหลัก

Brief Record : Get Marc (ISO 2709) : E-mail record : QR code < ปิดหน้าต่าง
LEADER : 00000nam 2200000uu 4500
001    13399126753
003     ULIB
008    190227s2560||||th 000 0 tha d
020    ^a9786168102190
060    ^aWM430.5^bพ621จ
100    ^aพาวเวลล์, เจมส์ เอ.
245    ^aจิตวิทยาครอบครัว FAMILY PSYCHOLOGY/^cพาวเวลล์, เจมส์ เอ.
250    ^aพิมพ์ครั้งที่ 1
260    ^aกรุงเทพฯ :^bไอดิ ออล ดิจิตอลพริ้นท์,^c2560
300    ^a365 หน้า:^bภาพประกอบ,^c19ซม.
650    ^aจิตวิทยาครอบครัว
650    ^aครอบครัว
945    ^p250^l0^i27127
945    ^p250^l0^i27125
945    ^p250^l0^i27126
945    ^p250^l0^i27124
945    ^p250^l0^i27123
999    ^aกัณชพร จุลอักษร
รายการนี้ยังไม่มีแท็ก
คุณยังไม่ได้ล็อกอิน คุณสามารถมีกิจกรรมร่วมกับเว็บไซต์ได้ แต่ต้องล็อกอินก่อน ::
  ล็อกอิน

รายการสื่อสารสนเทศ

ลำดับที่ ประเภท เลขเรียก/บาร์โค้ด สถานที่ สถานะ
1. หนังสือสำรอง
หนังสือสำรอง
WM430.5 พ621จ ฉ.1 
  Barcode: 27123
ห้องสมุดวิทยาเขตสวรรค์ประชารักษ์
►หนังสือทั่วไป
บนชั้น
2. วิทยาศาสตร์การแพทย์ และสุขภาพ
วิทยาศาสตร์การแพทย์ และสุขภาพ
WM430.5 พ621จ ฉ.2 
  Barcode: 27124
ห้องสมุดวิทยาเขตสวรรค์ประชารักษ์
►หนังสือทั่วไป
บนชั้น
3. วิทยาศาสตร์การแพทย์ และสุขภาพ
วิทยาศาสตร์การแพทย์ และสุขภาพ
WM430.5 พ621จ ฉ.3 
  Barcode: 27125
ห้องสมุดวิทยาเขตสวรรค์ประชารักษ์
►หนังสือทั่วไป
บนชั้น
4. วิทยาศาสตร์การแพทย์ และสุขภาพ
วิทยาศาสตร์การแพทย์ และสุขภาพ
WM430.5 พ621จ ฉ.4 
  Barcode: 27126
ห้องสมุดวิทยาเขตสวรรค์ประชารักษ์
►หนังสือทั่วไป
บนชั้น
5. วิทยาศาสตร์การแพทย์ และสุขภาพ
วิทยาศาสตร์การแพทย์ และสุขภาพ
WM430.5 พ621จ ฉ.5 
  Barcode: 27127
ห้องสมุดวิทยาเขตสวรรค์ประชารักษ์
►หนังสือทั่วไป
บนชั้น

รายการใกล้เคียง
    ผู้แต่ง [พาวเวลล์, เจมส์ เอ.]

    หัวเรื่อง [จิตวิทยาครอบครัว]
    หัวเรื่อง [ครอบครัว]

BibComment


ยังไม่เคยถูกคอมเมนท์

คอมเมนท์ทรัพยากรรายการนี้
  คอมเมนท์: จิตวิทยาครอบครัว..


 Copyright 2026. Bcnsprnw @Library